00290 a2200097 4500001001000000005001700010008004100027245005100068100002100119773005200140ART_2495620260410161933.0260409a 10aLas técnicas alternativas de la producción1 aWainer, Pedro H.0 tInformeg- Año I, Nº 4 (oct. 1969)wREV23765